000 00575nam a2200241Ia 4500
005 20260306145716.0
008 008 260114s9999 xx 000 0 eng d
020 _a9780231548304
037 _aEbook
040 _aCRL
040 _beng
040 _cCRL
041 _2eng
041 _aeng
084 _qCRL
245 0 _aBuddhism and Medicine
260 _bColumbia University Press
260 _c2019
650 _aTheology and Religion
_91123750
856 _uhttps://www.degruyter.com/isbn/9780231548304
942 _cEBOOK
999 _c1690373
_d1690373